[Event "Budapest Duna op"]
[Site "Budapest"]
[Date "2015.10.01"]
[Round "9"]
[White "Keschitz, Gyorgy"]
[Black "Dudas, Eszter"]
[Result "1-0"]
[WhiteElo "2260"]
[BlackElo "2145"]
[PlyCount "89"]
[EventDate "2015.09.23"]
[EventType "swiss"]
[EventRounds "9"]
[EventCountry "HUN"]
[SourceTitle "CBM 168 Extra"]
[Source "ChessBase"]
[SourceDate "2015.10.29"]
[SourceVersion "1"]
[SourceVersionDate "2015.10.29"]
[SourceQuality "1"]

1. Nf3 g6 2. g3 Bg7 3. Bg2 c5 4. d3 Nc6 5. 0-0 e5 6. c4 d6 7. Nc3 Be6 8. a3 Nge7 9. Rb1 a5 10. Bd2 0-0 11. Nb5 Rb8 12. Ng5 Bf5 13. Ne4 Nc8 14. Bg5 f6 15. Bd2 Be6 16. Nec3 N8e7 17. Nd5 h6 18. Qa4 b6 19. b4 axb4 20. axb4 Nd4 21. Nxd4 exd4 22. bxc5 Bxd5 23. cxd6 Bxg2 24. dxe7 Qxe7 25. Kxg2 Qxe2 26. Qc2 g5 27. Rfe1 Qh5 28. Rb5 f5 29. Qd1 Qg6 30. Qf3 Kh8 31. Bb4 Rf7 32. Rd5 f4 33. g4 Ra7 34. Rd6 Qf7 35. Rde6 Qb7 36. R1e4 Qa8 37. h4 Rf7 38. h5 Qa4 39. Bd6 Rd8 40. Be5 b5 41. cxb5 Qxb5 42. Rxh6+ Kg8 43. Rg6 Kh8 44. Rxg7 Rxg7 45. h6 1-0

[Event "Budapest Duna op"]
[Site "Budapest"]
[Date "2015.09.27"]
[Round "5"]
[White "Keschitz, Gyorgy"]
[Black "Juhasz, Barbara"]
[Result "0-1"]
[WhiteElo "2260"]
[BlackElo "2175"]
[PlyCount "62"]
[EventDate "2015.09.23"]
[EventType "swiss"]
[EventRounds "9"]
[EventCountry "HUN"]
[SourceTitle "CBM 168 Extra"]
[Source "ChessBase"]
[SourceDate "2015.10.29"]
[SourceVersion "1"]
[SourceVersionDate "2015.10.29"]
[SourceQuality "1"]

1. Nf3 g6 2. g3 Bg7 3. Bg2 c5 4. d3 Nc6 5. 0-0 e5 6. c3 Nge7 7. a4 0-0 8. Na3 h6 9. e4 d6 10. Nc4 f5 11. Ne3 f4 12. Nd5 g5 13. Nd2 Be6 14. Qb3 Rb8 15. a5 Rf7 16. Qa2 Ng6 17. f3 h5 18. Nc4 Qd7 19. Bd2 Rbf8 20. Rf2 g4 21. Raf1 fxg3 22. hxg3 h4 23. gxh4 g3 24. Re2 Nxh4 25. f4 Bg4 26. Re3 Nxg2 27. Rxg3 Nxf4 28. Bxf4 exf4 29. Rxf4 Be6 30. Rgf3 Bxd5 31. exd5 Rxf4 0-1

[Event "Budapest FS08 IM-B"]
[Site "Budapest"]
[Date "2014.08.10"]
[Round "9"]
[White "Krumpacnik, Domen"]
[Black "Keschitz, Gyorgy"]
[Result "1-0"]
[WhiteElo "2317"]
[BlackElo "2260"]
[PlyCount "51"]
[EventDate "2014.08.02"]
[EventType "tourn"]
[EventRounds "10"]
[EventCountry "HUN"]
[EventCategory "1"]
[SourceTitle "CBM 161 Extra"]
[Source "ChessBase"]
[SourceDate "2014.08.29"]
[SourceVersion "1"]
[SourceVersionDate "2014.08.29"]
[SourceQuality "1"]

1. d4 d5 2. Nf3 Nf6 3. c4 c6 4. Qb3 a6 5. Bf4 Nbd7 6. e3 b5 7. cxd5 cxd5 8. a4 Qa5+ 9. Nbd2 e6 10. Bd3 Nh5 11. 0-0 Nxf4 12. axb5 Qb6 13. exf4 a5 14. f5 Bb4 15. Qc2 Nf6 16. Ne5 Bb7 17. fxe6 fxe6 18. Ndf3 Ne4 19. Nc6 Rc8 20. Bxe4 Qxb5 21. Bxh7 Qxc6 22. Qg6+ Kf8 23. Ng5 Qe8 24. Nxe6+ Ke7 25. Nf4 Kd8 26. Qb6+ 1-0

[Event "Budapest FS08 IM-B"]
[Site "Budapest"]
[Date "2014.08.08"]
[Round "7"]
[White "Petran, Pal"]
[Black "Keschitz, Gyorgy"]
[Result "0-1"]
[WhiteElo "2303"]
[BlackElo "2260"]
[PlyCount "70"]
[EventDate "2014.08.02"]
[EventType "tourn"]
[EventRounds "10"]
[EventCountry "HUN"]
[EventCategory "1"]
[SourceTitle "CBM 161 Extra"]
[Source "ChessBase"]
[SourceDate "2014.08.29"]
[SourceVersion "1"]
[SourceVersionDate "2014.08.29"]
[SourceQuality "1"]

1. d4 d5 2. c4 c6 3. Nf3 Nf6 4. e3 a6 5. Nbd2 Bf5 6. Qb3 Ra7 7. Bd3 e6 8. Bxf5 exf5 9. 0-0 Bd6 10. Qc2 g6 11. b3 0-0 12. Bb2 Re8 13. c5 Bc7 14. b4 Ne4 15. a4 Nd7 16. g3 Re6 17. b5 Ra8 18. Nb3 g5 19. b6 Bb8 20. Na5 f4 21. exf4 gxf4 22. Kh1 Qe7 23. g4 Rg6 24. Rg1 Ndf6 25. g5 Nh5 26. Ra3 Qd7 27. Nh4 Rg7 28. Qe2 Nhg3+ 29. fxg3 fxg3 30. Rf3 Qh3 31. Nf5 Rxg5 32. Qg2 Qh5 33. Rgf1 gxh2 34. Qh3 Qxh3 35. Rxh3 Nf2+ 0-1

[Event "Budapest FS08 IM-B"]
[Site "Budapest"]
[Date "2014.08.02"]
[Round "1"]
[White "Keschitz, Gyorgy"]
[Black "Xu, Yi"]
[Result "0-1"]
[WhiteElo "2260"]
[BlackElo "2286"]
[PlyCount "110"]
[EventDate "2014.08.02"]
[EventType "tourn"]
[EventRounds "10"]
[EventCountry "HUN"]
[EventCategory "1"]
[SourceTitle "CBM 161 Extra"]
[Source "ChessBase"]
[SourceDate "2014.08.29"]
[SourceVersion "1"]
[SourceVersionDate "2014.08.29"]
[SourceQuality "1"]

1. Nf3 Nf6 2. g3 g6 3. Bg2 Bg7 4. 0-0 0-0 5. d3 d6 6. e4 c5 7. Re1 Nc6 8. c3 a6 9. a4 Rb8 10. e5 Nd5 11. exd6 Qxd6 12. Nbd2 Qd8 13. Nb3 b6 14. a5 Nxa5 15. Nxa5 bxa5 16. Ne5 Bxe5 17. Rxe5 Bb7 18. d4 cxd4 19. Qxd4 Nf6 20. Qxd8 Rfxd8 21. Bxb7 Rxb7 22. Rexa5 Rd1+ 23. Kg2 Rb6 24. Rc5 h5 25. Rc8+ Kh7 26. Be3 Rxa1 27. Bxb6 g5 28. Bd4 Kg6 29. b4 Ne4 30. Kf3 Kf5 31. h3 g4+ 32. hxg4+ hxg4+ 33. Ke3 e5 34. Bb6 Ra2 35. c4 Nxf2 36. c5 Nd1+ 37. Kd3 e4+ 38. Kd4 Rd2+ 39. Kc4 Rd3 40. b5 Ne3+ 41. Kb4 Nd5+ 42. Kc4 axb5+ 43. Kxb5 Rxg3 44. Ba5 Rg1 45. Kc4 g3 46. Kxd5 g2 47. Rg8 Rd1+ 48. Kc6 g1Q 49. Rxg1 Rxg1 50. Kd7 Rd1+ 51. Ke7 Rc1 52. Kd6 e3 53. c6 Ke4 54. c7 f5 55. Bb6 Rxc7 0-1

[Event "Budapest FS05 IM"]
[Site "Budapest"]
[Date "2014.05.04"]
[Round "2"]
[White "Keschitz, Gyorgy"]
[Black "Atabayev, Saparmyrat"]
[Result "1/2-1/2"]
[WhiteElo "2280"]
[BlackElo "2273"]
[PlyCount "155"]
[EventDate "2014.05.03"]
[EventType "tourn"]
[EventRounds "11"]
[EventCountry "HUN"]
[EventCategory "2"]
[SourceTitle "CBM 160 Extra"]
[Source "ChessBase"]
[SourceDate "2014.07.01"]
[SourceVersion "1"]
[SourceVersionDate "2014.07.01"]
[SourceQuality "1"]

1. d4 Nf6 2. Nf3 g6 3. Bf4 Bg7 4. e3 0-0 5. Be2 d6 6. 0-0 b6 7. h3 Bb7 8. a4 a5 9. c3 Nbd7 10. Nbd2 Re8 11. Bh2 e5 12. dxe5 dxe5 13. Bb5 Qe7 14. Qe2 Nd5 15. Rfd1 c6 16. Bc4 Kh8 17. e4 Nf4 18. Bxf4 exf4 19. Nb3 Rad8 20. Nbd4 Bf6 21. Re1 Kg7 22. Rad1 Ne5 23. Nxe5 Qxe5 24. Nf3 Qxe4 25. Qxe4 Rxe4 26. Rxd8 Rxe1+ 27. Nxe1 Bxd8 28. Be2 c5 29. Bf3 Ba6 30. Bd5 Be2 31. Nf3 Kf6 32. Nd2 Bc7 33. f3 Ba6 34. Kf2 h5 35. Bc4 Bc8 36. Ke2 g5 37. Ne4+ Kg6 38. Bb5 f5 39. Be8+ Kh6 40. Nf6 Be6 41. Nxh5 Be5 42. Kf2 Bc8 43. g4 fxg3+ 44. Nxg3 f4 45. Nf1 Bxh3 46. Nh2 Kg7 47. Ng4 Bd6 48. Bb5 Kg6 49. Be8+ Kg7 50. Bb5 Kf7 51. Bd3 Bf8 52. Ke2 Ke6 53. Bc4+ Kd6 54. Kf2 Be7 55. Ke2 Bd8 56. Kf2 Ke7 57. Ke2 Kf8 58. Kf2 Kg7 59. Bd3 Be7 60. Ke2 Bd6 61. Kf2 c4 62. Bxc4 Bc5+ 63. Ke2 Kg6 64. Be6 Bxg4 65. Bxg4 Kf6 66. Kd3 Ke5 67. Kc4 Kd6 68. b4 axb4 69. cxb4 Be3 70. Kb5 Kc7 71. a5 bxa5 72. bxa5 Kb8 73. Kc6 Ka7 74. Kb5 Bf2 75. Bf5 Be3 76. Bg4 Bf2 77. Bf5 Be3 78. Bg4 1/2-1/2

[Event "Budapest FS04 IM"]
[Site "Budapest"]
[Date "2014.04.08"]
[Round "4"]
[White "Lyell, Mark"]
[Black "Keschitz, Gyorgy"]
[Result "0-1"]
[WhiteElo "2228"]
[BlackElo "2240"]
[PlyCount "70"]
[EventDate "2014.04.05"]
[EventType "tourn"]
[EventRounds "9"]
[EventCountry "HUN"]
[EventCategory "1"]
[SourceTitle "CBM 159 Extra"]
[Source "ChessBase"]
[SourceDate "2014.04.24"]
[SourceVersion "1"]
[SourceVersionDate "2014.04.24"]
[SourceQuality "1"]

1. e4 e6 2. d4 d5 3. Nc3 Bb4 4. e5 c5 5. a3 Bxc3+ 6. bxc3 Ne7 7. Qg4 Qc7 8. Qxg7 Rg8 9. Qxh7 cxd4 10. Ne2 dxc3 11. f4 Bd7 12. Qd3 Na6 13. Qxc3 Qxc3+ 14. Nxc3 Rc8 15. Bb2 Nf5 16. 0-0-0 Nc5 17. g3 a6 18. Kb1 Bc6 19. Rg1 Rh8 20. h4 Rg8 21. Bd3 Ne4 22. Ne2 Ne3 23. Rc1 Nd2+ 24. Ka2 Nf3 25. Rh1 Ke7 26. Rh3 Ng4 27. Rf1 Nd2 28. Rd1 Ne4 29. Bxe4 dxe4 30. Bd4 e3 31. Rg1 Bf3 32. Nc3 Rc4 33. Bxe3 Rxc3 34. Bd4 Rxc2+ 35. Kb3 Rgc8 0-1

[Event "Budapest FS03 IM"]
[Site "Budapest"]
[Date "2014.03.11"]
[Round "9"]
[White "To, Nhat Minh"]
[Black "Keschitz, Gyorgy"]
[Result "1-0"]
[WhiteElo "2354"]
[BlackElo "2256"]
[PlyCount "55"]
[EventDate "2014.03.01"]
[EventType "tourn"]
[EventRounds "9"]
[EventCountry "HUN"]
[EventCategory "1"]
[SourceTitle "CBM 159 Extra"]
[Source "ChessBase"]
[SourceDate "2014.04.24"]
[SourceVersion "1"]
[SourceVersionDate "2014.04.24"]
[SourceQuality "1"]

1. d4 d6 2. e4 Nf6 3. Nc3 Nbd7 4. f4 e5 5. Nf3 c6 6. dxe5 dxe5 7. fxe5 Ng4 8. e6 fxe6 9. Ng5 Nde5 10. Qxd8+ Kxd8 11. h3 Nh6 12. Bf4 Nhf7 13. 0-0-0+ Ke8 14. Nxf7 Nxf7 15. e5 g5 16. Bh2 Bg7 17. Re1 Ke7 18. Bd3 Bd7 19. Rhf1 Rhf8 20. b4 h6 21. a4 Nd8 22. Bg1 Rxf1 23. Bc5+ Kf7 24. Rxf1+ Kg8 25. Ne4 Bxe5 26. Nf6+ Bxf6 27. Rxf6 e5 28. Rd6 1-0

[Event "Budapest FS03 IM"]
[Site "Budapest"]
[Date "2014.03.10"]
[Round "8"]
[White "Keschitz, Gyorgy"]
[Black "Farkas, Richard"]
[Result "1-0"]
[WhiteElo "2256"]
[BlackElo "2191"]
[PlyCount "67"]
[EventDate "2014.03.01"]
[EventType "tourn"]
[EventRounds "9"]
[EventCountry "HUN"]
[EventCategory "1"]
[SourceTitle "CBM 159 Extra"]
[Source "ChessBase"]
[SourceDate "2014.04.24"]
[SourceVersion "1"]
[SourceVersionDate "2014.04.24"]
[SourceQuality "1"]

1. Nf3 Nf6 2. g3 g6 3. Bg2 Bg7 4. 0-0 0-0 5. d3 c5 6. e4 d6 7. Re1 Nc6 8. c3 Bg4 9. h3 Bd7 10. a4 a6 11. Na3 Rb8 12. e5 Ne8 13. exd6 Nxd6 14. Be3 b6 15. d4 cxd4 16. Nxd4 Qc7 17. Bf4 Rfe8 18. Nxc6 Bxc6 19. Bxc6 Qxc6 20. Rxe7 Nf5 21. Rd7 Rb7 22. Rxb7 Qxb7 23. Nc4 h5 24. Qd3 h4 25. g4 Re4 26. Bg5 Nd4 27. cxd4 Rxd4 28. Qe2 Qd5 29. Nd2 Qxg5 30. Nf3 Rxg4+ 31. Kh1 Qf4 32. hxg4 Qxg4 33. Ng1 Qd4 34. Re1 1-0

[Event "Budapest-chT1 Lilienthal 1314"]
[Site "Budapest"]
[Date "2014.03.09"]
[Round "9"]
[White "Keschitz, Gyorgy"]
[Black "Radnai, Adam"]
[Result "1-0"]
[WhiteElo "2277"]
[BlackElo "2313"]
[PlyCount "89"]
[EventDate "2013.09.29"]
[EventType "team-tourn"]
[EventRounds "11"]
[EventCountry "HUN"]
[SourceTitle "EXT 2021"]
[Source "ChessBase"]
[SourceDate "2020.10.23"]
[SourceVersion "1"]
[SourceVersionDate "2020.10.23"]
[SourceQuality "1"]
[WhiteTeam "Barcza GSC"]
[BlackTeam "Rakosliget"]
[WhiteTeamCountry "HUN"]
[BlackTeamCountry "HUN"]

1. Nf3 Nf6 2. g3 d5 3. Bg2 c6 4. d3 Bf5 5. 0-0 e6 6. Nh4 Bg4 7. h3 Bh5 8. g4 Nfd7 9. Nf3 Bg6 10. Bf4 Qb6 11. Nbd2 Be7 12. c4 a5 13. cxd5 cxd5 14. Nb3 a4 15. Be3 Qa6 16. Nbd4 h5 17. g5 h4 18. Nh2 e5 19. Nc2 d4 20. Bd2 Nc6 21. b4 Rc8 22. b5 Qxb5 23. Rb1 Qa6 24. Nb4 Nxb4 25. Bxb4 Bxg5 26. Bd2 Qf6 27. Ng4 Qe7 28. Bxg5 Qxg5 29. Qxa4 Rc7 30. Nxe5 0-0 31. Nxg6 Qxg6 32. Qxd4 Qg5 33. Kh1 Nc5 34. Rb5 Rd8 35. Qb4 Qe5 36. Qxh4 Rd4 37. Qg3 Qe7 38. Rc1 b6 39. Rxb6 Ne4 40. Qxc7 Nxf2+ 41. Kh2 Qh4 42. Qc8+ Rd8 43. Qf5 g6 44. Rc4 Rd4 45. Rxg6+ 1-0

[Event "Budapest FS03 IM"]
[Site "Budapest"]
[Date "2014.03.04"]
[Round "3"]
[White "Szalanczy, Emil"]
[Black "Keschitz, Gyorgy"]
[Result "1-0"]
[WhiteElo "2240"]
[BlackElo "2256"]
[PlyCount "75"]
[EventDate "2014.03.01"]
[EventType "tourn"]
[EventRounds "9"]
[EventCountry "HUN"]
[EventCategory "1"]
[SourceTitle "CBM 159 Extra"]
[Source "ChessBase"]
[SourceDate "2014.04.24"]
[SourceVersion "1"]
[SourceVersionDate "2014.04.24"]
[SourceQuality "1"]

1. e4 c5 2. Nf3 Nc6 3. d4 cxd4 4. Nxd4 g6 5. Nc3 Bg7 6. Be3 Nf6 7. Bc4 Qa5 8. 0-0 0-0 9. Bb3 d6 10. h3 Bd7 11. Re1 Rfc8 12. Qe2 Qa6 13. Nxc6 Rxc6 14. Qf3 e6 15. Rad1 Be8 16. Rd4 b5 17. Red1 Nd7 18. a4 bxa4 19. Rxa4 Qb7 20. Bd4 Be5 21. h4 Nc5 22. Ra3 Rb6 23. Bxe5 dxe5 24. Qf6 Nd7 25. Qe7 Nf8 26. Qg5 Nd7 27. Rd3 f6 28. Qe3 Qc7 29. Nd5 exd5 30. Bxd5+ Bf7 31. Bxa8 Nf8 32. Rac3 Qb8 33. Bd5 Rxb2 34. Rb3 Rb1+ 35. Kh2 Rxb3 36. Rxb3 Qd8 37. Bxf7+ Kxf7 38. Rb7+ 1-0

[Event "Budapest-chT1 Lilienthal 1314"]
[Site "Budapest"]
[Date "2014.02.23"]
[Round "8"]
[White "Bodrogi, Laszlo"]
[Black "Keschitz, Gyorgy"]
[Result "1/2-1/2"]
[WhiteElo "2022"]
[BlackElo "2277"]
[PlyCount "88"]
[EventDate "2013.09.29"]
[EventType "team-tourn"]
[EventRounds "11"]
[EventCountry "HUN"]
[SourceTitle "EXT 2021"]
[Source "ChessBase"]
[SourceDate "2020.10.23"]
[SourceVersion "1"]
[SourceVersionDate "2020.10.23"]
[SourceQuality "1"]
[WhiteTeam "Fabulon"]
[BlackTeam "Barcza GSC"]
[WhiteTeamCountry "HUN"]
[BlackTeamCountry "HUN"]

1. d4 Nf6 2. c4 g6 3. Nc3 Bg7 4. e4 d6 5. Nf3 0-0 6. Be2 c6 7. 0-0 a6 8. h3 b5 9. e5 dxe5 10. dxe5 Qxd1 11. Rxd1 Nfd7 12. Bg5 Re8 13. Bf4 Nc5 14. Nd4 b4 15. Nb1 Rd8 16. a3 bxa3 17. Rxa3 Ra7 18. b4 Rad7 19. bxc5 Rxd4 20. Rxd4 Rxd4 21. Be3 Rd7 22. Bg4 Rb7 23. Bxc8 Rxb1+ 24. Kh2 Bxe5+ 25. g3 h5 26. Kg2 Kf8 27. Bxa6 Ra1 28. Rxa1 Bxa1 29. Bc8 Be5 30. f4 Bc7 31. f5 Be5 32. fxg6 fxg6 33. Kf3 Kf7 34. g4 hxg4+ 35. hxg4 Ke8 36. Ke4 Bc7 37. Bf4 Kd8 38. Be6 Nd7 39. Bxd7 Kxd7 40. Bxc7 Kxc7 41. Ke5 Kd7 42. g5 Kd8 43. Ke4 Kc7 44. Kf4 Kd8 1/2-1/2

[Event "HUN-chT2 Charousek 1314"]
[Site "Hungary"]
[Date "2014.02.02"]
[Round "6"]
[White "Videki, Sandor"]
[Black "Keschitz, Gyorgy"]
[Result "1-0"]
[WhiteElo "2436"]
[BlackElo "2277"]
[PlyCount "63"]
[EventDate "2013.09.08"]
[EventType "team-tourn"]
[EventRounds "11"]
[EventCountry "HUN"]
[SourceTitle "EXT 2016"]
[Source "ChessBase"]
[SourceDate "2015.10.08"]
[SourceVersion "1"]
[SourceVersionDate "2015.10.08"]
[SourceQuality "1"]
[WhiteTeam "Paks ASE II"]
[BlackTeam "Budapest EAC"]
[WhiteTeamCountry "HUN"]
[BlackTeamCountry "HUN"]

1. c4 g6 2. e4 Bg7 3. d4 d6 4. Nc3 Nf6 5. Nf3 0-0 6. h3 c6 7. Be3 a6 8. c5 dxc5 9. dxc5 Qxd1+ 10. Rxd1 Nbd7 11. Bc4 Ne8 12. 0-0 Nc7 13. Na4 Nb5 14. Rd2 e5 15. Rfd1 Nf6 16. Ng5 Be6 17. Bxe6 fxe6 18. Nxe6 Rfe8 19. Nxg7 Kxg7 20. Nb6 Rab8 21. a4 Nd4 22. Bxd4 exd4 23. f3 Re5 24. b4 a5 25. Nc4 Rg5 26. Nxa5 Rf8 27. Rxd4 Nh5 28. Kh2 Rf4 29. R1d2 Rh4 30. g4 Re5 31. Nc4 Re6 32. e5 1-0

[Event "Budapest-chT1 Lilienthal 1314"]
[Site "Budapest"]
[Date "2014.01.19"]
[Round "6"]
[White "Szentmihalyi, Tamas"]
[Black "Keschitz, Gyorgy"]
[Result "0-1"]
[WhiteElo "2040"]
[BlackElo "2277"]
[PlyCount "118"]
[EventDate "2013.09.29"]
[EventType "team-tourn"]
[EventRounds "11"]
[EventCountry "HUN"]
[SourceTitle "EXT 2021"]
[Source "ChessBase"]
[SourceDate "2020.10.23"]
[SourceVersion "1"]
[SourceVersionDate "2020.10.23"]
[SourceQuality "1"]
[WhiteTeam "Taban Spartacus II"]
[BlackTeam "Barcza GSC"]
[WhiteTeamCountry "HUN"]
[BlackTeamCountry "HUN"]

1. d4 Nf6 2. Nf3 g6 3. c4 Bg7 4. g3 0-0 5. Bg2 d6 6. Nc3 Nbd7 7. 0-0 e5 8. e4 c6 9. h3 Qb6 10. dxe5 dxe5 11. Qc2 Re8 12. Be3 Qc7 13. Rac1 Bf8 14. Rfd1 Bc5 15. Qd2 Bxe3 16. Qxe3 Qb6 17. Qxb6 axb6 18. Rd6 Re7 19. Rcd1 Ne8 20. R6d2 f6 21. Ne1 Nc7 22. h4 Nc5 23. Nc2 Kf7 24. Rd8 N7e6 25. R8d2 Na4 26. Nb4 Nxc3 27. bxc3 Ra3 28. Rc1 Nc5 29. f3 Rd7 30. Rb2 Rd8 31. Bf1 Be6 32. Kf2 Ra5 33. Ke3 Na4 34. Rd2 Rxd2 35. Kxd2 Nb2 36. Rc2 Nxc4+ 37. Bxc4 Bxc4 38. Rb2 b5 39. f4 Ra8 40. Ke3 Rd8 41. fxe5 fxe5 42. Rd2 Rxd2 43. Kxd2 c5 44. Nd3 Bxd3 45. Kxd3 g5 46. a3 gxh4 47. gxh4 Kg6 48. c4 b4 49. axb4 b6 50. bxc5 bxc5 51. Kc3 Kh5 52. Kb3 Kxh4 53. Ka4 Kg5 54. Kb5 h5 55. Kxc5 h4 56. Kd6 h3 57. c5 h2 58. c6 h1Q 59. c7 Qh8 0-1

[Event "HUN-chT2 Erkel 1314"]
[Site "Hungary"]
[Date "2013.11.03"]
[Round "4.2"]
[White "Keschitz, Gyorgy"]
[Black "Bakos, Levente"]
[Result "0-1"]
[WhiteElo "2277"]
[BlackElo "2124"]
[PlyCount "150"]
[EventDate "2013.09.08"]
[EventType "team-tourn"]
[EventRounds "11"]
[EventCountry "HUN"]
[SourceTitle "EXT 2016"]
[Source "ChessBase"]
[SourceDate "2015.10.08"]
[SourceVersion "1"]
[SourceVersionDate "2015.10.08"]
[SourceQuality "1"]
[WhiteTeam "Budapest EAC II"]
[BlackTeam "Andornaktalya"]
[WhiteTeamCountry "HUN"]
[BlackTeamCountry "HUN"]

1. Nf3 d5 2. g3 c5 3. Bg2 Nc6 4. 0-0 Nf6 5. d3 e6 6. c3 Be7 7. a4 0-0 8. Na3 b6 9. e4 dxe4 10. dxe4 Ba6 11. Nb5 Qxd1 12. Rxd1 Rfd8 13. Bf4 Rxd1+ 14. Rxd1 Rd8 15. Rxd8+ Bxd8 16. Bf1 Nxe4 17. Nxa7 Bxf1 18. Nxc6 Be2 19. Kg2 Bf6 20. Bc7 Bd1 21. Bxb6 Bxa4 22. Nfe5 Bg5 23. f3 Nd2 24. Bxc5 f6 25. Ne7+ Kf8 26. N5c6 Ke8 27. f4 Bh6 28. Nd4 Kd7 29. Ng8 e5 30. fxe5 fxe5 31. Nf5 Bg5 32. Nxg7 Bc6+ 33. Kg1 Nf3+ 34. Kf2 Nxh2 35. Nf5 Ke6 36. Nge7 Ng4+ 37. Ke2 Be4 38. Nd6 Bb1 39. Nec8 Kd5 40. b4 e4 41. c4+ Ke6 42. Nb6 Bd3+ 43. Ke1 h5 44. Nd5 h4 45. gxh4 Bxh4+ 46. Kd2 Bg3 47. Nc7+ Kd7 48. Ncb5 Ne5 49. Kc3 Be1+ 50. Kb3 Bd2 51. Bd4 Nc6 52. Bc3 e3 53. c5 Ne7 54. Nc4 Nc6 55. Nd4 Bxc4+ 56. Kxc4 Bxc3 57. Ne2 Bxb4 58. Kd5 Bd2 59. Nf4 Ne7+ 60. Ke4 Kc6 61. Kd3 Kxc5 62. Ng2 Nd5 63. Nh4 Nf4+ 64. Ke4 Kc4 65. Nf3 Nd3 66. Ng1 Nc5+ 67. Kf3 Kd3 68. Ne2 Ne6 69. Ng1 Bb4 70. Nh3 e2 71. Nf2+ Kd2 72. Ne4+ Kd1 73. Nf2+ Ke1 74. Ne4 Ng5+ 75. Nxg5 Kd1 0-1

[Event "Budapest FS04 IM"]
[Site "Budapest"]
[Date "2013.04.14"]
[Round "9"]
[White "Keschitz, Gyorgy"]
[Black "Jayakumar, Adarsh"]
[Result "1-0"]
[WhiteElo "2213"]
[BlackElo "2294"]
[PlyCount "129"]
[EventDate "2013.04.06"]
[EventType "tourn"]
[EventRounds "11"]
[EventCountry "HUN"]
[EventCategory "2"]
[SourceTitle "CBM 154 Extra"]
[Source "ChessBase"]
[SourceDate "2013.06.25"]
[SourceVersion "2"]
[SourceVersionDate "2013.06.25"]
[SourceQuality "1"]

1. Nf3 f5 2. g3 Nf6 3. Bg2 e6 4. 0-0 d5 5. d3 Be7 6. b3 0-0 7. Bb2 c5 8. Nbd2 Nc6 9. Re1 Qc7 10. e4 fxe4 11. dxe4 d4 12. e5 Nd5 13. Ne4 b6 14. c3 dxc3 15. Nxc3 Nxc3 16. Bxc3 Bb7 17. Qe2 Nb4 18. Bxb4 cxb4 19. Nd2 Bc5 20. Rf1 Rf5 21. Bxb7 Qxb7 22. Ne4 Rxe5 23. Nxc5 Qd5 24. Qg4 bxc5 25. Rad1 Qc6 26. Rfe1 Rf5 27. Re3 Raf8 28. f4 c4 29. bxc4 Qxc4 30. Qe2 Qc5 31. Kg2 g5 32. fxg5 a5 33. Rd2 a4 34. h4 b3 35. axb3 axb3 36. Rxb3 Re5 37. Qd3 Re1 38. Kh3 Qc6 39. Rc3 Qb7 40. Rb3 Qf7 41. Rdb2 Rh1+ 42. Kg2 Rf1 43. Rb7 Rf2+ 44. Kh3 Rxb2 45. Rxb2 e5 46. Rb6 Re8 47. Qb3 e4 48. Qxf7+ Kxf7 49. Kg4 e3 50. Rb1 Ke6 51. Rd1 e2 52. Re1 Kd5 53. Kf3 Rf8+ 54. Kxe2 Ke4 55. Rf1 Rb8 56. Rf4+ Ke5 57. Kf3 Rb7 58. Kg4 Ke6 59. Rf6+ Ke7 60. Rf3 Rb6 61. Kh5 Rd6 62. Rf6 Rd3 63. g4 Ke8 64. g6 Rd7 65. g5 1-0